000
00296nam a2200109Ia 4500
008
220204s9999 xx 000 0 und d
082
_a
908(540)
_b
SUK
100
_a
Sukhdev Singh Chib
245
0
_a
This beautiful India: Union territories
260
_a
New Delhi
_b
Light and Life
_c
1977
942
_c
BK
999
_c
33669
_d
33669